UK Birds - Statistics

General Stats
  • This quiz has been taken 1,793 times
    1,784 since last reset
  • The average score is 110 of 297
Answer Stats
Bird Category Bird % Correct
Tits Blue Tit
82%
Ducks Mallard
80%
Kingfishers Kingfisher
79%
Barn Owl
78%
Wrens Wren
76%
Kites Red Kite
75%
Great Tit
74%
Gamebirds Pheasant
74%
Raven
73%
Swallows Swallow
73%
Swifts Swift
73%
Buzzards Buzzard
71%
Cuckoos Cuckoo
71%
Eagles Golden Eagle
71%
Pigeons Wood Pigeon
71%
Gannets Gannet
70%
Herons Grey Heron
69%
Owls Tawny Owl
69%
Thrushes Blackbird
68%
Geese Canada Goose
68%
Robin
68%
Spoonbills Spoonbill
68%
Starlings Starling
68%
Cormorants Cormorant
67%
Sparrows House Sparrow
66%
Goldfinch
65%
Martins House Martin
65%
Falcons Kestrel
65%
Swans Mute Swan
65%
Peregrine
65%
Nightjars Nightjar
64%
Nuthatches Nuthatch
64%
Waxwings Waxwing
64%
Dippers Dipper
63%
Green Woodpecker
63%
Hoopoes Hoopoe
63%
Coal Tit
62%
Magpie
62%
Larks Skylark
62%
Bee Eaters Bee Eater
61%
Bitterns Bittern
61%
Wagtails Pied Wagtail
61%
Grebes Great-Crested Grebe
60%
Greenfinch
60%
Hawks Sparrowhawk
60%
Finches Chaffinch
59%
Woodpeckers Great Spotted Woodpecker
58%
Hen Harrier
58%
Jackdaw
58%
Egrets Little Egret
58%
Little Owl
58%
Auks Puffin
58%
Song Thrush
58%
Treecreepers Treecreeper
58%
Herring Gull
57%
Doves Collared Dove
56%
Cranes Crane
56%
Rook
56%
Arctic Tern
55%
Lesser Spotted Woodpecker
55%
Bullfinch
54%
Jay
54%
Little Grebe
54%
Long-Eared Owl
54%
Shag
54%
White-Tailed Eagle
54%
Gulls Black-Headed Gull
53%
Rails Coot
52%
Long-Tailed Tit
52%
Harriers Marsh Harrier
52%
Moorhen
52%
Crows Carrion Crow
51%
Crests Goldcrest
51%
Sand Martin
50%
Turtle Dove
50%
Shearwaters Manx Shearwater
49%
Merlin
49%
Mistle Thrush
49%
Short-Eared Owl
49%
Yellow Wagtail
49%
Black Kite
48%
Great White Egret
48%
Greylag Goose
48%
Grey Wagtail
48%
Teal
48%
Whooper Swan
48%
Quail
47%
Chats Stonechat
46%
Terns Common Tern
45%
Accentors Dunnock
45%
Firecrest
45%
Pipits Meadow Pipit
45%
Storm Petrel
45%
Tree Sparrow
45%
Barnacle Goose
44%
Common Gull
44%
Corncrake
44%
Curlew
44%
Hobby
44%
Osprey
44%
Oystercatcher
44%
Water Rail
43%
Cattle Egret
42%
Eider
42%
Goshawk
42%
Red Grouse
42%
Rock Dove
42%
Tufted Duck
42%
Great Black-Backed Gull
41%
Lesser Black-Backed Gull
41%
Mandarin
41%
Marsh Tit
41%
Chiffchaff
40%
Razorbill
40%
Hooded Crow
39%
Little Auk
39%
Buntings Reed Bunting
39%
Warblers Reed Warbler
39%
Parakeets Ring-Necked Parakeet
39%
Storks White Stork
39%
Willow Warbler
39%
Yellowhammer
39%
Egyptian Goose
38%
Orioles Golden Oriole
38%
Honey Buzzard
38%
Purple Heron
38%
Divers / Loons Red-Throated Diver
38%
Redwing
38%
Bearded Tit
37%
Guillemot
37%
Lapwing
37%
Pink-Footed Goose
37%
Redshank
37%
Sandwich Tern
37%
Bewick's Swan
36%
Blackcap
36%
Black Grouse
36%
Fieldfare
36%
Goldeneye
36%
Crested Tit
35%
Skuas Great Skua
35%
Grey Partridge
35%
Little Tern
35%
Pochard
35%
Red-Legged Partridge
35%
Wigeon
35%
Willow Tit
35%
Waders Avocet
34%
Ibises Glossy Ibis
34%
Goosander
34%
Great Northern Diver
34%
Pied Flycatcher
34%
Arctic Skua
33%
Brent Goose
33%
Chough
33%
Eagle Owl
33%
Little Bittern
33%
Ptarmigan
33%
Shoveler
33%
Capercaillie
32%
Hawfinch
32%
Rock Pipit
32%
Shelduck
32%
Flycatchers Spotted Flycatcher
32%
Stock Dove
32%
Black-Throated Diver
31%
Golden Plover
31%
Greenshank
31%
Pintail
31%
Ringed Plover
31%
Slavonian Grebe
31%
Tree Pipit
31%
Whinchat
31%
Woodlark
31%
Common Crossbill
30%
Dunlin
30%
Gadwall
30%
Kittiwake
30%
Nightingale
30%
Montagu's Harrier
29%
Red-Necked Grebe
29%
Rough-Legged Buzzard
29%
Siskin
29%
Bean Goose
28%
Black-Necked Grebe
28%
Petrels Fulmar
28%
Linnet
28%
Snipe
28%
Snow Bunting
28%
Common Sandpiper
27%
Shrikes Great Grey Shrike
27%
Night Heron
27%
White-Fronted Goose
27%
Black Tern
26%
Little Gull
26%
Red-Breasted Merganser
26%
Smew
26%
Woodcock
26%
Corn Bunting
25%
Garganey
25%
Knot
25%
Little Ringed Plover
25%
Mediterranean Gull
25%
Sanderling
25%
Sedge Warbler
25%
Whimbrel
25%
Bar-Tailed Godwit
24%
Black Guillemot
24%
Cetti's Warbler
24%
Dartford Warbler
24%
Garden Warbler
24%
Golden Pheasant
24%
Long-Tailed Duck
24%
Purple Sandpiper
24%
Scaup
24%
Turnstone
24%
Whitethroat
24%
Wood Warbler
24%
Black-Tailed Godwit
23%
Grey Plover
23%
Lesser Redpoll
23%
Shorelark
23%
Common Scoter
22%
Green Sandpiper
22%
Iceland Gull
22%
Roseate Tern
22%
Sooty Shearwater
22%
Wryneck
22%
Grasshopper Warbler
21%
Red-Backed Shrike
21%
Ring Ouzel
21%
Ruff
21%
Velvet Scoter
21%
Water Pipit
21%
Yellow-Legged Gull
21%
Brambling
20%
Curlew Sandpiper
20%
Glaucous Gull
20%
Jack Snipe
20%
Marsh Warbler
20%
Redstart
20%
Ruddy Duck
20%
Short-Toed Treecreeper
20%
Great Shearwater
19%
Leach's Petrel
19%
Red-Footed Falcon
19%
Spotted Redshank
19%
Cirl Bunting
18%
Pomarine Skua
18%
Red-Crested Pochard
18%
Scottish Crossbill
18%
White-Billed Diver
18%
Wood Sandpiper
18%
Cory's Shearwater
17%
Lady Amherst's Pheasant
17%
Lesser Whitethroat
17%
Little Stint
17%
Long-Tailed Skua
17%
Rose-Coloured Starling
17%
Scops Owl
17%
Crakes Spotted Crake
17%
Squacco Heron
17%
Stone-Curlew
17%
Twite
17%
Wheatear
17%
Balearic Shearwater
16%
King Eider
16%
Red-Rumped Swallow
16%
Serin
16%
Black Redstart
15%
Dotterel
14%
Green-Winged Teal
14%
Parrot Crossbill
14%
Bluethroat
13%
Citrine Wagtail
13%
Common Redpoll
13%
Temminck's Stint
13%
Yellow-Browed Warbler
13%
Kentish Plover
12%
Lesser Grey Shrike
12%
Red-Necked Phalarope
12%
Richard's Pipit
12%
Ruddy Shelduck
12%
Woodchat Shrike
12%
Grey Phalarope
11%
Lapland Bunting
11%
Savi's Warbler
11%
Aquatic Warbler
10%
Black-Winged Stilt
10%
Ortolan Bunting
10%
Arctic Redpoll
9%
Icterine Warbler
9%
Scarlet Rosefinch
9%
Barred Warbler
8%
Blue-Headed Wagtail
8%
Melodious Warbler
8%
Thrush Nightingale
8%
No matching quizzes found
Score Distribution
Percent of People with Each Score
Percentile by Number Answered
Your Score History
You have not taken this quiz since the last reset